000 00594nam 22001933 4500
001 200687
090 _a200687
100 _a20260223d u||y0pory50 ba
200 _aA comunicação social
_fOlivier Burgelin
_gtradução Isabel Braga
210 _aLisboa
_cEdições 70
_dimp. 1980
215 _a287 p.
_cil. ; brochado
_d22 cm
225 _aArte e comunicação
_h10
606 _911309
_aPublicidade. Relações Públicas. Informação
675 _a659
_vPT
_zpor
700 _916447
_aBurgelin
_bOlivier
702 _97383
_aBraga
_bIsabel
801 _aPT
_bBMMN
_gRPC
830 _cVanda
990 _cLIVROS